000 02092nam2a22002771 4500
001 rc\4379159
005 20250611163743.0
035 _a(NLR Aleph) 008289045
090 _a8564339
_c8564339
100 _a20130416d1968 |||y0rusy50 ca
101 0 _arus
102 _aRU
105 _ay z |||||
200 1 _aОпыт математико-лингвистического исследования научно-технических текстов по химической технологии
_fПодготовили: А.И. Можель, В.И. Кацнельсон и Р.Н. Уарова]
210 _cНауч.-исслед. ин-т техн. экон. исследований
_d1968
_aБ. м.
215 _a68 с.
461 0 _1001rc\4379150
_12001#$aВопросы разработки механизированной информационно-поисковой системы для Центрального справочно-информационного фонда по химии и химической промышленности$e(Метод. пособие)$eВып. 1-$fГос. ком. хим. пром-сти при Госплане СССР. Науч.-исслед. ин-т технико-экон. исследований$vВып. 9
_98564287
_cМосква
_d1964
_fГос. ком. хим. пром-сти при Госплане СССР. Науч.-исслед. ин-т технико-экон. исследований
_nБ. и.
_o(Метод. пособие) : Вып. 1-
_tВопросы разработки механизированной информационно-поисковой системы для Центрального справочно-информационного фонда по химии и химической промышленности
_vВып. 9
702 1 _aКацнельсон
_bВ.П.
_4570
702 1 _aУарова
_bР.Н.
_4570
702 1 _aМожель
_bА.И.
_4570
801 0 _aRU
_bNLR
_gpsbo
801 1 _aRU
_bELAR
_2rusmarc
852 _aNLR
_jБ Б135/В748
852 _aNLR
_j68-6/3456
942 _cBOOK
980 _aNB